[Event "Challenge"]
[Site "http://www.queenalice.com/game.php?id=945658"]
[Date "2011.6.3"]
[Round "-"]
[White "rafaelcanuto"]
[Black "lafayette"]
[Result "1-0"]
[WhiteElo "1398"]
[BlackElo "1257"]

1. e3 d5 2. Qf3 Qd6 3. Bb5+ c6 4. Ba4 b5 5. Bb3 h5 6. c4 bxc4 7. Ba4 Bg4 8. Qf4
e5 9. Qg5 g6 10. h3 Bh6 11. Qh4 g5 12. Qg3 Bf5 13. Nc3 h4 14. Qh2 Nf6 15. g4 Bd3
16. Nf3 Nfd7 17. b3 Bc2 18. Bb2 f6 19. Rc1 Bh7 20. d4 e4 21. Qxd6 Kd8 22. Bxc6
Nxc6 23. Qxc6 Rc8 24. Qb7 f5 25. Nxd5 f4 26. Ne5 Nxe5 27. Qe7# 1-0

[Event "Challenge"]
[Site "http://www.queenalice.com/game.php?id=951046"]
[Date "2011.6.17"]
[Round "-"]
[White "jbugg"]
[Black "lafayette"]
[Result "1-0"]
[WhiteElo "1329"]
[BlackElo "1236"]

1. e4 e6 2. d4 d6 3. Nf3 a6 4. Nc3 Nc6 5. a3 h5 6. Bc4 b5 7. Bb3 Nf6 8. Ng5 Ng4
9. O-O f6 10. Nh3 e5 11. f3 exd4 12. Nd5 Be6 13. Ndf4 Ne3 14. Bxe3 Bxh3 15. Bd2
Bd7 16. c3 f5 17. Ng6 Rg8 18. Bxg8 Qf6 19. Nf4 h4 20. b4 g5 21. Ne2 Ne7 22. cxd4
g4 23. Bb3 g3 24. hxg3 hxg3 25. Qe1 Qh4 26. Qxg3 Qh5 27. Nf4 Qh8 28. exf5 Qxd4+
29. Qf2 Qh8 30. Ng6 Qh5 31. Bc2 Bg7 32. Rae1 Kd8 33. Rxe7 Bf6 34. Be4 c6 35.
Qb6+ Kc8 36. Bxc6 Bxc6 37. Qxc6+ Kb8 38. Qb7# 1-0

[Event "Challenge"]
[Site "http://www.queenalice.com/game.php?id=952794"]
[Date "2011.6.22"]
[Round "-"]
[White "rafaelcanuto"]
[Black "lafayette"]
[Result "1-0"]
[WhiteElo "1508"]
[BlackElo "1212"]

1. e3 e5 2. Qf3 Nf6 3. Nh3 Qe7 4. Nc3 c6 5. Bc4 e4 6. Qg3 b5 7. Be2 h5 8. Nf4 b4
9. Nd1 a5 10. a3 h4 11. Qh3 c5 12. axb4 Nc6 13. bxa5 d5 14. g4 Bxg4 15. Bxg4 g5
16. Nxd5 Nxd5 17. a6 Bg7 18. Nc3 Ndb4 19. f3 Nxc2+ 20. Ke2 exf3+ 21. Bxf3 N6d4+
22. Kd3 Nxa1 23. Bxa8 c4+ 24. Kxc4 Nab3 25. Qc8+ Qd8 26. Qxd8+ Kxd8 27. exd4
Nxd4 28. Rg1 Kc7 29. Rxg5 Ne6 30. Rf5 f6 31. Nd5+ Kd6 32. Bb7 Nc5 33. b4 Ke6 34.
Rf3 Ne4 35. Re3 f5 36. Nf4+ Ke5 37. Ng6+ Ke6 38. Nxh8 Be5 39. Bd5+ Kf6 40. Bxe4
fxe4 41. Rxe4 Bxh2 42. Rxh4 Be5 43. a7 Kg5 44. Rh1 Bxh8 45. Rxh8 Kf4 46. a8=Q
Kg3 47. Rf8 Kh2 48. Rg8 Kh3 49. Qh1# 1-0

[Event "Challenge"]
[Site "http://www.queenalice.com/game.php?id=954907"]
[Date "2011.6.29"]
[Round "-"]
[White "lafayette"]
[Black "jbugg"]
[Result "0-1"]
[WhiteElo "1205"]
[BlackElo "1299"]

1. d4 d5 2. c3 Nf6 3. e3 e6 4. g3 Bd6 5. b4 O-O 6. h4 Ne4 7. h5 Qf6 8. f3 Nxg3
9. Rh3 Nxf1 10. Kxf1 e5 11. Rg3 exd4 12. f4 Bf5 13. Na3 a6 14. c4 dxc4 15. Nxc4
Bxb4 16. a3 Nc6 17. axb4 Nxb4 18. exd4 b5 19. Ba3 Qe7 20. h6 g6 21. Qd2 a5 22.
Ne5 Bd3+ 23. Kg2 Qh4 24. Rh3 Qe7 25. Re1 Rad8 0-1

[Event "Challenge"]
[Site "http://www.queenalice.com/game.php?id=955290"]
[Date "2011.6.30"]
[Round "-"]
[White "lafayette"]
[Black "joaovdv"]
[Result "0-1"]
[WhiteElo "1157"]
[BlackElo "1522"]

1. d3 e5 2. h3 d6 3. c3 Nf6 4. h4 h6 5. Na3 Nc6 6. e3 a6 7. b4 b5 8. e4 Bd7 9.
Rh2 Ng4 10. Rh3 Be6 11. f3 Nf6 12. g4 d5 13. d4 exd4 14. Bb2 dxe4 15. cxd4 Nxb4
16. fxe4 Nxe4 17. Bg2 Bd5 18. Nb1 c6 19. a3 Qa5 20. a4 Nc2+ 21. Ke2 Nxa1 22.
Bxa1 bxa4 23. Nf3 a3 24. Ne5 a2 25. Bc3 Nxc3+ 26. Nxc3 a1=Q 27. Qc2 Bxg2 28. Rg3
Qf1+ 29. Kd2 Qf2+ 30. Kc1 Qxg3 31. Nc4 Qa1+ 32. Nb1 Qxd4 33. Nbd2 Qe1+ 34. Qd1
Qc3+ 35. Kb1 Rb8+ 36. Ka2 Qxd1 37. Nb1 Qxb1# 0-1

[Event "Challenge"]
[Site "http://www.queenalice.com/game.php?id=957489"]
[Date "2011.7.6"]
[Round "-"]
[White "lafayette"]
[Black "rafaelcanuto"]
[Result "0-1"]
[WhiteElo "1169"]
[BlackElo "1620"]

1. Nf3 e6 2. h4 h5 3. d3 Bb4+ 4. c3 Bc5 5. e3 c6 6. b4 Bb6 7. d4 a5 8. b5 cxb5
9. Bxb5 Nf6 10. Ne5 Ng4 11. Nd3 g5 12. g3 Qf6 13. hxg5 Qxg5 14. f4 Qxb5 15. Na3
Qc6 16. Rf1 Qxc3+ 17. Bd2 Qxa3 18. Ke2 Nh2 19. Rh1 Ng4 20. Rb1 Bc7 21. Rb3 Qxa2
22. Rb2 Qc4 23. Qa1 a4 24. Rbb1 a3 25. d5 f6 26. Rbc1 Qxd5 27. Rxc7 Nc6 28. Bc3
Qg2+ 29. Nf2 Qxf2+ 30. Kd3 Qxe3+ 31. Kc2 Qe4+ 32. Kb3 Qd5+ 33. Kc2 Ne3+ 34. Kc1
Qxh1+ 35. Kd2 Nc4+ 36. Kd3 Nb4+ 37. Kxc4 Qe4+ 38. Kb3 Ra4 39. Kxa4 Nc2+ 40. Kb3
Nxa1+ 41. Bxa1 Qd3+ 42. Bc3 Qd5+ 43. Kc2 Qg2+ 44. Bd2 Qe4+ 45. Kb3 Qd5+ 46. Ka4
b5+ 47. Ka5 Qxd2+ 48. Kxb5 Qd5+ 49. Kb6 Qd6+ 50. Ka7 Qxc7+ 51. Ka8 Qb7# 0-1

[Event "Challenge"]
[Site "http://www.queenalice.com/game.php?id=959870"]
[Date "2011.7.13"]
[Round "-"]
[White "lafayette"]
[Black "jbugg"]
[Result "0-1"]
[WhiteElo "1184"]
[BlackElo "1344"]

1. e3 e5 2. f3 d5 3. c3 Nc6 4. Bb5 Nf6 5. a4 a6 6. Bd3 Be7 7. h4 O-O 8. Qc2 h6
9. b4 Nh5 10. Kf2 Bxh4+ 11. g3 Qg5 12. Ne2 Nxg3 13. Rxh4 Qxh4 14. Qd1 Nxe2+ 15.
Kxe2 Qh2+ 16. Ke1 Bh3 17. f4 e4 18. Bf1 Qh1 19. Qe2 Rae8 20. b5 Ne7 21. bxa6 b6
22. Na3 c6 23. a7 Ra8 24. Nc2 Rxa7 25. Nd4 Nf5 26. Nxc6 Rc7 27. Ba3 Bxf1 28.
Qxf1 Qh4+ 29. Kd1 Ra8 30. Ne5 Rxa4 31. Kc2 f6 32. Qb5 Ra5 33. Qe8+ Kh7 34. Qg6+
Kg8 0-1

[Event "Challenge"]
[Site "http://www.queenalice.com/game.php?id=972438"]
[Date "2011.8.14"]
[Round "-"]
[White "jbugg"]
[Black "lafayette"]
[Result "1-0"]
[WhiteElo "1326"]
[BlackElo "1169"]

1. e4 e6 2. d4 Nf6 3. Bg5 h6 4. Bxf6 Qxf6 5. c3 Nc6 6. Nf3 d6 7. Bc4 d5 8. exd5
exd5 9. Bxd5 Na5 10. Qa4+ c6 11. Be4 Qf4 12. Nbd2 h5 13. Qxa5 b6 14. Bxc6+ Kd8
15. Qd5+ Kc7 16. Bxa8 Be6 17. Qc6+ Kd8 18. Qb7 Bc8 19. Qd5+ Bd7 20. O-O h4 21.
Bc6 1-0

[Event "Challenge"]
[Site "http://www.queenalice.com/game.php?id=972457"]
[Date "2011.8.14"]
[Round "-"]
[White "rafaelcanuto"]
[Black "lafayette"]
[Result "0-1"]
[WhiteElo "1600"]
[BlackElo "1169"]

1. e3 Nf6 2. Qf3 Nc6 3. Bb5 a6 4. Bxc6 dxc6 5. h4 Qd6 6. h5 Bg4 7. Qg3 Qxg3 8.
fxg3 Nxh5 9. Ne2 Bxe2 10. Kf2 Bg4 11. Rh4 f5 12. e4 g5 13. Rh1 Bg7 14. d3 fxe4
15. dxe4 Rf8+ 16. Ke1 Nxg3 17. Rxh7 Rf1+ 18. Kd2 Rd1+ 19. Ke3 Bd4# 0-1

[Event "Challenge"]
[Site "http://www.queenalice.com/game.php?id=973091"]
[Date "2011.8.16"]
[Round "-"]
[White "rafaelcanuto"]
[Black "lafayette"]
[Result "1-0"]
[WhiteElo "1547"]
[BlackElo "1147"]

1. e3 Nf6 2. Qf3 Nc6 3. Bb5 a6 4. Bxc6 dxc6 5. Nc3 Bg4 6. Qg3 e6 7. h3 Bf5 8. d3
Bd6 9. Qxg7 Rg8 10. Qh6 Rg6 11. Qh4 Rxg2 12. e4 Bc5 13. exf5 Bxf2+ 14. Qxf2 Rxf2
15. Kxf2 Qd4+ 16. Be3 Qh4+ 17. Ke2 Nd5 18. Nxd5 Qh5+ 19. Nf3 cxd5 20. fxe6 fxe6
21. Rag1 Kd7 22. d4 Rf8 23. Rf1 Qf5 24. Ne5+ Kd6 25. Rxf5 Rxf5 26. Nd3 b5 27. b3
a5 28. a4 b4 29. Nc5 Rf8 30. Nb7+ Kc6 31. Nxa5+ Kd7 32. c4 Rg8 33. cxd5 Rg2+ 34.
Kf3 Rg7 35. Bd2 Rf7+ 36. Ke2 exd5 37. Bxb4 Rf4 38. Ke3 Re4+ 39. Kd3 h6 40. Nb7
Ke6 41. Nc5+ Kd6 42. Nxe4+ Kc6 43. Nf6 Kb7 44. Re1 Kb6 45. Nxd5+ Kc6 46. Ne7+
Kd7 47. a5 c6 48. a6 Kc7 49. a7 Kb7 50. Ra1 Ka8 51. Nxc6 h5 52. d5 Kb7 53. a8=Q+
Kb6 54. Qb8# 1-0

[Event "Challenge"]
[Site "http://www.queenalice.com/game.php?id=977964"]
[Date "2011.8.28"]
[Round "-"]
[White "jbugg"]
[Black "lafayette"]
[Result "1-0"]
[WhiteElo "1384"]
[BlackElo "1155"]

1. e4 e6 2. Nc3 Nc6 3. Be2 Nf6 4. Nf3 Be7 5. O-O O-O 6. d4 d5 7. e5 Ne4 8. Bf4
f6 9. Qd3 g5 10. Nxe4 dxe4 11. Qxe4 gxf4 12. Qxf4 fxe5 13. Qg4+ Kh8 14. Bd3 Rf4
15. Qh5 e4 16. g3 Rf5 17. Qg4 Rxf3 18. Qxe4 Nxd4 19. Qe5+ Bf6 20. Qe4 a5 21.
Qxh7# 1-0

[Event "Challenge"]
[Site "http://www.queenalice.com/game.php?id=980609"]
[Date "2011.9.3"]
[Round "-"]
[White "rafaelcanuto"]
[Black "lafayette"]
[Result "1-0"]
[WhiteElo "1608"]
[BlackElo "1147"]

1. e3 Nc6 2. Qf3 Nf6 3. a4 e6 4. d4 Nd5 5. Bb5 Na5 6. Nc3 c6 7. Nxd5 cxd5 8. e4
g5 9. exd5 a6 10. Bd3 Bb4+ 11. c3 Nb3 12. dxe6 Qe7 13. Bxg5 Qxe6+ 14. Be4 Nxa1
15. cxb4 Qb3 16. Qe3 Qxb4+ 17. Ke2 Qxb2+ 18. Bc2+ Kf8 19. Bh6+ Kg8 20. Qg5# 1-0

[Event "Challenge"]
[Site "http://www.queenalice.com/game.php?id=980610"]
[Date "2011.9.3"]
[Round "-"]
[White "rafaelcanuto"]
[Black "lafayette"]
[Result "1-0"]
[WhiteElo "1613"]
[BlackElo "1175"]

1. e3 e5 2. Qf3 Qf6 3. a4 d6 4. h4 h5 5. d4 c6 6. c3 Bf5 7. dxe5 Qxe5 8. Nd2 a5
9. e4 Bg4 10. Qg3 f6 11. f3 Nd7 12. Qxe5+ Nxe5 13. fxg4 Nxg4 14. b4 c5 15. bxc5
dxc5 16. Bb5+ Kd8 17. Nc4 Ke7 18. Ba3 Rd8 19. Bxc5+ Kf7 20. Bxf8 Kxf8 21. Nf3
Rh6 22. e5 fxe5 23. Nxa5 b6 24. Nc6 e4 25. Ng5 N8f6 26. Ne6+ Kg8 27. Ncxd8 Nd5
28. Rh3 Nxc3 29. Rxc3 Rf6 30. Rc7 Kh7 31. Rxg7+ Kh6 32. Nf7+ Rxf7 33. Rxf7 Ne5
34. Rf6+ Kh7 35. Ng5+ Kg7 36. Nxe4 Ng4 37. Rxb6 Ne5 38. Rc1 Nf7 39. Rc7 Kg8 40.
Ng5 Ne5 41. Rb8# 1-0

[Event "Challenge"]
[Site "http://www.queenalice.com/game.php?id=982397"]
[Date "2011.9.7"]
[Round "-"]
[White "jbugg"]
[Black "lafayette"]
[Result "0-1"]
[WhiteElo "1422"]
[BlackElo "1147"]

1. e4 e6 2. Nc3 Nc6 3. d3 Nf6 4. Nge2 Be7 5. Nf4 d5 6. Be2 d4 7. Na4 b5 8. Nc5
Bxc5 9. O-O O-O 10. a3 e5 11. Nh3 Bxh3 12. gxh3 Qd6 13. b4 Bb6 14. Bg4 a5 15.
bxa5 Rxa5 16. Qf3 h5 17. Bf5 g6 18. Bh6 Rfa8 19. Rfb1 Rxa3 20. Rxa3 Rxa3 21. Bc8
Na7 22. Ba6 Rxa6 23. Bd2 Ra2 24. Qd1 Qe6 25. c3 dxc3 26. Bxc3 b4 27. Bd2 Qxh3
28. Qf1 Qg4+ 29. Qg2 Bxf2+ 30. Kf1 Bd4 31. Qxg4 Nxg4 32. Bxb4 Nxh2+ 33. Ke1 Nf3+
34. Kd1 h4 35. Be1 h3 36. Bg3 Nd2 37. Rc1 Be3 38. Rxc7 Nb5 39. Rc8+ Kh7 40. Bxe5
Nc3+ 41. Rxc3 h2 42. Bxh2 Nb1 43. Rc7 Rxh2 44. Rxf7+ Kh6 45. Rf3 Rh1+ 46. Ke2
Bd4 47. Rf8 Nc3+ 48. Kd2 Rd1+ 49. Kc2 Kg7 50. Rd8 Bb6 51. Rd7+ Kh6 52. Kxc3 Ba5+
53. Kc4 Bb6 54. e5 Rc1+ 55. Kb5 Be3 56. e6 Rb1+ 57. Kc6 Rb6+ 58. Kc7 Rxe6 59.
Rd8 Bb6+ 60. Kd7 Bxd8 61. Kxe6 g5 62. Kf5 Kh5 63. d4 g4 64. Kf4 Kh4 65. d5 Bc7+
66. Ke3 g3 67. Kf3 Kh3 68. Ke2 g2 69. Kf2 Kh2 70. d6 g1=Q+ 71. Kf3 Bd8 72. d7
Qg3+ 73. Ke4 Kg2 74. Kf5 Kf3 75. Ke6 Ke4 76. Kf7 Kd5 77. Ke8 Qg5 78. Kf8 Kd6 79.
Ke8 Qe7# 0-1

[Event "Challenge"]
[Site "http://www.queenalice.com/game.php?id=987698"]
[Date "2011.9.20"]
[Round "-"]
[White "jbugg"]
[Black "lafayette"]
[Result "0-1"]
[WhiteElo "1400"]
[BlackElo "1175"]

1. e4 e6 2. Nc3 Nc6 3. Qf3 Nf6 4. Nh3 Bc5 5. Bc4 d5 6. exd5 Nd4 7. Qd3 exd5 8.
Nxd5 Nxd5 9. c3 Bf5 10. Qg3 Nc2+ 11. Kf1 Nxa1 12. Qe5+ Be6 13. Qxg7 Qf6 14. Qxf6
Nxf6 15. d4 Bxc4+ 16. Kg1 Be7 17. b3 Nxb3 18. Bg5 Na5 19. g3 Nd5 20. Bd2 Bxa2
21. c4 Nxc4 22. Bc1 Bb1 23. Kg2 Bb4 24. Ng5 Bd3 25. h4 h6 26. Nf3 O-O-O 27. Kh2
Nf6 28. Bf4 Ng4+ 29. Kg2 Be4 30. Ra1 a6 31. Ra4 a5 32. Ra2 Rxd4 33. Re2 Nd2 34.
h5 Bxf3+ 35. Kh3 Bxe2 0-1

[Event "Challenge"]
[Site "http://www.queenalice.com/game.php?id=991262"]
[Date "2011.9.29"]
[Round "-"]
[White "jbugg"]
[Black "lafayette"]
[Result "0-1"]
[WhiteElo "1353"]
[BlackElo "1200"]

1. e4 e6 2. Nc3 Nc6 3. d3 g5 4. Be3 Bb4 5. Qd2 Qf6 6. Nf3 g4 7. Ng1 h5 8. a3 Bd6
9. O-O-O h4 10. Nce2 h3 11. g3 b5 12. Nf4 b4 13. a4 e5 14. Nfe2 Qe6 15. b3 Na5
16. Kb2 Nf6 17. Nc1 c5 18. Nge2 Ba6 19. c4 Bb7 20. Na2 Nxe4 21. dxe4 Bxe4 22.
Rg1 Bf3 23. Qd3 e4 24. Qc2 Qe5+ 25. Kb1 Rd8 26. Rd2 Be7 27. Rd5 Qf6 28. Nf4 d6
29. Nh5 Qg6 30. Nf4 Qf6 31. Rd3 exd3 32. Qxd3 Nxb3 33. Qxb3 Be4+ 34. Kc1 Qa1+
35. Kd2 Bf6 36. Ne2 d5 37. Bxc5 dxc4+ 38. Bd4 Bxd4 39. Nxb4 c3+ 40. Nxc3 Bxf2+
41. Ke2 Qe1# 0-1

[Event "Challenge"]
[Site "http://www.queenalice.com/game.php?id=996778"]
[Date "2011.10.13"]
[Round "-"]
[White "lelinho"]
[Black "lafayette"]
[Result "1-0"]
[WhiteElo "2024"]
[BlackElo "1204"]

1. d4 e6 2. c4 Nf6 3. Nc3 Bb4 4. Nf3 d5 5. e3 dxc4 6. Bxc4 c6 7. O-O Ng4 8. h3
Nf6 9. a3 Qa5 10. Bd2 Bd6 11. Ne4 Qb6 12. Nxd6+ Kd7 13. Nxf7 Rf8 14. N7g5 Qxb2
15. Rb1 1-0

[Event "Challenge"]
[Site "http://www.queenalice.com/game.php?id=996797"]
[Date "2011.10.13"]
[Round "-"]
[White "fabianoo"]
[Black "lafayette"]
[Result "1-0"]
[WhiteElo "2033"]
[BlackElo "1208"]

1. c4 e6 2. e4 Nc6 3. Nf3 Nf6 4. Nc3 Bb4 5. Bd3 h5 6. e5 Ng4 7. Qe2 d6 8. exd6
Qxd6 9. Ne4 Qe7 10. a3 Ba5 11. b4 Bb6 12. c5 f5 13. Nc3 1-0

[Event "Challenge"]
[Site "http://www.queenalice.com/game.php?id=996802"]
[Date "2011.10.13"]
[Round "-"]
[White "Huxley"]
[Black "lafayette"]
[Result "1-0"]
[WhiteElo "1827"]
[BlackElo "1206"]

1. e4 e6 2. d4 Nf6 3. e5 Nd5 4. Nf3 f6 5. Bd3 c5 6. exf6 Nc6 7. fxg7 Bxg7 8. Ne5
Nxd4 9. Qh5+ Ke7 10. Bg5+ Kd6 11. Bxd8 Bxe5 12. Qh4 Nf4 13. Qe7+ Kc6 14. Nc3
Nxd3+ 15. Kd2 c4 16. cxd3 Bf4+ 17. Kd1 1-0